000 01145nam a22003257a 4500
003 CHAP
005 20220329143421.0
008 090528s2008 mx r 00010 spa d
010 _a96270
011 _a97242
035 _a107905
040 _cCHAP
082 0 4 _a343.720772
_bEx25
245 0 0 _aExclusividad de la nación en materia de petróleo
_c/coordinador José Antonio Almazán González
260 _aMéxico, D.F. :
_bCámara de Diputados. LX Legislatura,
_c2008
300 _a97 p.
590 _aBATCH-UPD
_b10
_c20130110
_lUCH01
_h1653
590 _aBATCH-UPD
_b10
_c20130410
_lUCH01
_h1042
590 _aBATCH-UPD
_b10
_c20130914
_lUCH01
_h1614
590 _aCONVERSION
_b10
_c20130109
_lUCH01
_h1353
650 1 4 _aHidrocarburos.
_955232
650 1 4 _aPetróleo
_xIndustria.
_987665
650 1 4 _aPetróleo
_xLeyes.
_987670
650 1 4 _aPetróleo
_zMéxico.
_987678
700 1 _aAlmazan Gonzalez, Jose Antonio.
_94497
901 _aBK
942 _cLIBRO
949 _a343.720772 Ex25
_bBC
_cLIBRO
_d33724002079850
_eLIBRO
_h110682
_i107905
_sb
949 _a343.720772 Ex25
_bBC
_cLIBRO
_d33724002138975
_eLIBRO
_fc.2
_gI.c/e
_h111669
_i107905
_sb
999 _c96270
_d96270